| 000 | 00902nam a22002891 4500 | ||
|---|---|---|---|
| 001 | 01441870 | ||
| 003 | DO-SdBNP | ||
| 005 | 20180131102550.0 | ||
| 007 | 01441870 | ||
| 008 | 981210s1981 mx spa | ||
| 016 | 7 |
_a _z _2BPMSU |
|
| 020 | _a0024188204 | ||
| 035 | _a | ||
| 040 |
_aBPMSU _bspa _cBPMSU |
||
| 080 | 0 | _a | |
| 082 |
_2658.54 _aT128i |
||
| 100 | 1 | _aTaha, Hamdy A. | |
| 245 | 1 | 0 |
_aInvestigación de operaciones : _buna introducción / _h _c Hamdy A. Taha ; traducción José de Jesús Acosta Flores. |
| 260 |
_aMéxico : _bRepresentaciones y Servicios de Ingenieria _c 1989. |
||
| 300 |
_a 647 p. ; _b 24 cm. _c |
||
| 500 | _aIncluye índice. | ||
| 650 | 7 |
_aINVESTIGACIONES OPERACIONAL _2 |
|
| 700 | 1 |
_a Acosta Flóres, José de Jesús _etr. |
|
| 942 |
_2ddc _cBK |
||
| 945 | _aInventariado extraviado / 2018 VM | ||
| 956 |
_aVMATEO _b10 _c20160507 _dBPMSU _f0069 |
||
| 999 |
_c10300 _d10300 |
||